| 000 | 00875cam a22002777a 4500 | ||
|---|---|---|---|
| 003 | CHAP | ||
| 005 | 20220329135742.0 | ||
| 008 | 971013s1993 r 00010 d | ||
| 010 | _a41523 | ||
| 011 | _a42495 | ||
| 035 | _a46624 | ||
| 040 | _cCHAP | ||
| 082 |
_a584.24 _bG6 |
||
| 100 | 0 | 0 |
_aGoldblatt, Peter. _948548 |
| 245 | 1 | 4 |
_aThe woody iridaceae _b: nivenia, klattia & witsenia : systematics, biology & evolution |
| 260 |
_aPortland, Oregon : _bTimber Press, _c1993 |
||
| 300 |
_a139 p. _b: ilus. |
||
| 590 |
_aBATCH-UPD _b10 _c20130110 _lUCH01 _h2309 |
||
| 590 |
_aBATCH-UPD _b10 _c20130410 _lUCH01 _h1601 |
||
| 590 |
_aBATCH-UPD _b10 _c20130914 _lUCH01 _h1658 |
||
| 590 |
_aCONVERSION _b10 _c20130109 _lUCH01 _h1323 |
||
| 650 | 1 | 4 |
_aIridáceas. _960350 |
| 901 | _aBK | ||
| 942 | _cLIBRO | ||
| 949 |
_a584.24 G6 _bBC _cC _d33724000525671 _eC _gI.174509 _h88739 _i46624 _si _t115.99 |
||
| 999 |
_c41523 _d41523 |
||